Co to za logo na literę H? - Statystyki

Ogólne statystyki
  • Ten quiz został rozwiązany 5 663 razy
    5 625 od ostatniego zresetowania
  • Średni wynik to 10 z 20
Statystyki odpowiedzi
Obrazkowy Odpowiedź % Poprawnych
Honda
99%
Haribo
94%
H&M
92%
Hello Kitty
91%
Hyundai
89%
Hot Wheels
87%
Heineken
86%
Hard Rock Cafe
51%
History Channel
43%
Hull City
41%
Hajduk Split
34%
Hasbro
33%
Half-Life
30%
Hermès
30%
Hershey's
29%
Hilton
23%
Hertz
19%
Häagen-Dazs
15%
Hallmark
3%
Hanes
2%
Nie znaleziono quizów pasujących do podanych kryteriów
Rozkład punktacji
Procent ludzi z każdym wynikiem
Percentyl według liczby udzielonych odpowiedzi
Twoja historia wyników
Nie rozwiązałeś tego quizu od ostatniego zresetowania